[Event "LUX-chT 2016/17"]
[Site "Luxembourg"]
[Date "2017.03.19"]
[Round "9"]
[White "Osieka, Udo"]
[Black "Daubenfeld, Gilles"]
[Result "1/2-1/2"]
[WhiteElo "2262"]
[BlackElo "2151"]
[PlyCount "25"]
[EventDate "2016.09.25"]
[EventType "team-tourn"]
[EventRounds "10"]
[EventCountry "LUX"]
[SourceTitle "EXT 2018"]
[Source "ChessBase"]
[SourceDate "2017.10.13"]
[SourceVersion "1"]
[SourceVersionDate "2017.10.13"]
[SourceQuality "1"]

1. Nf3 Nf6 2. c4 g6 3. Nc3 d5 4. e3 Bg7 5. b3 0-0 6. Bb2 c5 7. Nxd5 Nxd5 8. Bxg7 Kxg7 9. cxd5 Qxd5 10. Qc2 Nd7 11. Bc4 Qd6 12. 0-0 Nf6 13. Qb2 1/2-1/2

[Event "LUX-chT 2016/17"]
[Site "Luxembourg"]
[Date "2016.10.09"]
[Round "2"]
[White "Daubenfeld, Gilles"]
[Black "Thirunarayanan, Sampath Kumar"]
[Result "1-0"]
[WhiteElo "2151"]
[BlackElo "1604"]
[PlyCount "90"]
[EventDate "2016.09.25"]
[EventType "team-tourn"]
[EventRounds "10"]
[EventCountry "LUX"]
[SourceTitle "EXT 2018"]
[Source "ChessBase"]
[SourceDate "2017.10.13"]
[SourceVersion "1"]
[SourceVersionDate "2017.10.13"]
[SourceQuality "1"]

1. e4 e5 2. Bc4 Nf6 3. d4 exd4 4. Nf3 d5 5. exd5 Bc5 6. 0-0 0-0 7. Nxd4 c6 8. Nc3 cxd5 9. Be2 a6 10. Bg5 Qd6 11. Bxf6 Qxf6 12. Nb3 Ba7 13. Qxd5 Nc6 14. Qf3 Qh4 15. Rad1 Be6 16. Rd2 Rad8 17. Rfd1 Rxd2 18. Rxd2 h5 19. g3 Qe7 20. Qxh5 Re8 21. Bd3 g6 22. Qd1 Ne5 23. Be2 Bh3 24. Nd5 Qg5 25. Nf4 Bg4 26. h4 Bxe2 27. hxg5 Bxd1 28. Rxd1 Nf3+ 29. Kg2 Nxg5 30. Rd7 Ne4 31. f3 Nf6 32. Rxb7 Bb8 33. Kf2 g5 34. Ne2 Kg7 35. Nbd4 Nd5 36. c4 Ne3 37. c5 Nd1+ 38. Ke1 Ne3 39. Kd2 Nc4+ 40. Kc3 Na5 41. Rd7 Be5 42. Kb4 Rb8+ 43. Kxa5 Rxb2 44. a4 Kf6 45. c6 Ra2 1-0

[Event "LUX-chT 2016/17"]
[Site "Luxembourg"]
[Date "2016.09.25"]
[Round "1"]
[White "Daubenfeld, Gilles"]
[Black "Boukrate, Azeddine"]
[Result "1-0"]
[WhiteElo "2151"]
[BlackElo "1812"]
[PlyCount "75"]
[EventDate "2016.09.25"]
[EventType "team-tourn"]
[EventRounds "10"]
[EventCountry "LUX"]
[SourceTitle "EXT 2018"]
[Source "ChessBase"]
[SourceDate "2017.10.13"]
[SourceVersion "1"]
[SourceVersionDate "2017.10.13"]
[SourceQuality "1"]

1. e4 c5 2. Nf3 e6 3. Nc3 Nc6 4. d4 cxd4 5. Nxd4 Qc7 6. Nb3 a6 7. Bd3 Nf6 8. 0-0 Be7 9. Qe2 0-0 10. Bd2 b5 11. Rae1 d6 12. f4 e5 13. Nd5 Qd8 14. Nxe7+ Qxe7 15. f5 Nd7 16. Rf3 f6 17. Rh3 Rf7 18. Qh5 Nf8 19. c4 Rb8 20. Qe2 Qb7 21. Rc1 Rc7 22. g4 h6 23. Rg3 Nh7 24. h4 a5 25. cxb5 Nd4 26. Nxd4 Rxc1+ 27. Bxc1 Qb6 28. Bc4+ Kh8 29. Qf2 exd4 30. Rd3 Bb7 31. Qxd4 Bxe4 32. Qxb6 Rxb6 33. Rd4 d5 34. Bxd5 Bxd5 35. Rxd5 Nf8 36. Be3 Rb7 37. Rd8 Kg8 38. Bc5 1-0

[Event "Luxembourg-chT 1415"]
[Site "Luxembourg"]
[Date "2015.03.15"]
[Round "9"]
[White "Osieka, Udo"]
[Black "Daubenfeld, Gilles"]
[Result "1-0"]
[WhiteElo "2250"]
[BlackElo "2179"]
[PlyCount "37"]
[EventDate "2014.10.05"]
[EventType "team-tourn"]
[EventRounds "10"]
[EventCountry "LUX"]
[SourceTitle "EXT 2017"]
[Source "ChessBase"]
[SourceDate "2016.10.25"]
[SourceVersion "1"]
[SourceVersionDate "2016.10.25"]
[SourceQuality "1"]

1. Nf3 Nf6 2. c4 c5 3. Nc3 d6 4. d4 cxd4 5. Nxd4 g6 6. e4 Bg7 7. Be2 Nc6 8. Be3 0-0 9. 0-0 Bd7 10. f3 Nxd4 11. Bxd4 Bc6 12. Qd2 e6 13. Rad1 Qc7 14. Rfe1 Rfd8 15. Bf1 Rd7 16. Kh1 Rad8 17. b3 Qa5 18. Qb2 Nh5 19. b4 1-0

[Event "Luxembourg-chT 1314"]
[Site "Luxembourg"]
[Date "2014.02.09"]
[Round "7"]
[White "Haensel, Jean Marie"]
[Black "Daubenfeld, Gilles"]
[Result "0-1"]
[WhiteElo "1862"]
[BlackElo "2179"]
[PlyCount "104"]
[EventDate "2013.10.05"]
[EventType "team-tourn"]
[EventRounds "10"]
[EventCountry "LUX"]
[SourceTitle "EXT 2017"]
[Source "ChessBase"]
[SourceDate "2016.10.25"]
[SourceVersion "1"]
[SourceVersionDate "2016.10.25"]
[SourceQuality "1"]

1. d4 Nf6 2. c4 g6 3. Nc3 d5 4. Nf3 Bg7 5. cxd5 Nxd5 6. Qb3 Nb6 7. e3 0-0 8. Be2 Be6 9. Qc2 Nc6 10. a3 Rc8 11. Nd2 Bf5 12. Qd1 e5 13. dxe5 Nxe5 14. e4 Be6 15. 0-0 f5 16. Qc2 f4 17. Nf3 g5 18. Nxe5 Bxe5 19. Rd1 Qf6 20. f3 Rfd8 21. Rxd8+ Rxd8 22. Bd2 Qf7 23. Re1 Bb3 24. Qc1 Qd7 25. Nb1 Qd4+ 26. Kh1 Qxb2 27. Bc3 Bxc3 28. Qxc3 Qxc3 29. Nxc3 a5 30. Rb1 a4 31. Bb5 Rd2 32. Rc1 Kf7 33. Nb1 Rd1+ 34. Rxd1 Bxd1 35. Nc3 Bb3 36. Kg1 c6 37. Bd3 Nd7 38. Kf2 Ne5 39. Ke2 b5 40. Kd2 Bc4 41. Be2 Bxe2 42. Kxe2 Nc4 43. Nb1 Ke6 44. Kd3 Ke5 45. Kc3 c5 46. Kd3 h5 47. g3 h4 48. gxh4 gxh4 49. h3 Kd6 50. Kc3 Ne5 51. Nd2 Kc6 52. Kc2 Nf7 0-1

[Event "Gelsenkirchen Silvester op 1st"]
[Site "Gelsenkirchen"]
[Date "2013.12.27"]
[Round "2"]
[White "Daubenfeld, Gilles"]
[Black "Rieger, Mario"]
[Result "1-0"]
[WhiteElo "2127"]
[BlackElo "1943"]
[PlyCount "61"]
[EventDate "2013.12.27"]
[EventType "swiss"]
[EventRounds "5"]
[EventCountry "GER"]
[SourceTitle "EXT 2019"]
[Source "ChessBase"]
[SourceDate "2018.10.10"]
[SourceVersion "1"]
[SourceVersionDate "2018.10.10"]
[SourceQuality "1"]

1. e4 c6 2. d4 d5 3. Nc3 dxe4 4. Nxe4 Nf6 5. Nxf6+ gxf6 6. Nf3 Bg4 7. Be2 Nd7 8. 0-0 Qc7 9. Nh4 Bxe2 10. Qxe2 h5 11. c4 0-0-0 12. g3 e6 13. a3 Be7 14. b4 Nf8 15. Bf4 Qd7 16. d5 e5 17. Be3 Kb8 18. Rfd1 Ng6 19. Nxg6 fxg6 20. Qf3 cxd5 21. Rxd5 Qe6 22. Ra5 a6 23. b5 e4 24. Qe2 axb5 25. Rxb5 Rd7 26. c5 Rc8 27. Bf4+ Rcc7 28. Rb6 Qd5 29. c6 Rd6 30. Rab1 Rdxc6 31. Rxb7+ 1-0

[Event "Stuttgart-chA int"]
[Site "Ditzingen"]
[Date "2009.05.23"]
[Round "6"]
[White "Daubenfeld, Gilles"]
[Black "Arounopoulos, Stephan"]
[Result "1/2-1/2"]
[WhiteElo "2151"]
[BlackElo "1998"]
[PlyCount "50"]
[EventDate "2009.05.21"]
[EventType "swiss"]
[EventRounds "7"]
[EventCountry "GER"]
[SourceTitle "EXT 2018"]
[Source "ChessBase"]
[SourceDate "2017.10.13"]
[SourceVersion "1"]
[SourceVersionDate "2017.10.13"]
[SourceQuality "1"]

1. e4 e6 2. d4 d5 3. Nc3 Bb4 4. e5 c5 5. a3 Bxc3+ 6. bxc3 Ne7 7. Nf3 Bd7 8. a4 Qa5 9. Bd2 Nbc6 10. Bb5 Qc7 11. 0-0 0-0 12. Qe2 c4 13. Bxc6 Qxc6 14. Rfb1 b6 15. a5 b5 16. Bc1 Qc7 17. Ba3 Bc6 18. Qd2 f5 19. exf6 Rxf6 20. Ne5 Ng6 21. Ng4 Rf5 22. Re1 Re8 23. Bb4 a6 24. Re2 Qf4 25. Qxf4 Rxf4 1/2-1/2

[Event "Stuttgart-ch op"]
[Site "Ditzingen"]
[Date "2009.05.21"]
[Round "2"]
[White "Daubenfeld, Gilles"]
[Black "Luther, Thomas"]
[Result "0-1"]
[WhiteElo "2151"]
[BlackElo "2537"]
[PlyCount "44"]
[EventDate "2009.05.21"]
[EventType "swiss"]
[EventRounds "7"]
[EventCountry "GER"]
[SourceTitle "CBM 130 Extra"]
[Source "ChessBase"]
[SourceDate "2009.07.02"]
[SourceVersion "2"]
[SourceVersionDate "2009.07.15"]
[SourceQuality "1"]

1. e4 e6 2. d4 d5 3. Nc3 Nf6 4. Bg5 Bb4 5. e5 h6 6. Be3 Nfd7 7. Qg4 g6 8. a3 Be7 9. Bd3 c5 10. Nxd5 exd5 11. e6 Nf8 12. exf7+ Kxf7 13. Qf4+ Kg8 14. dxc5 Bg5 15. Qg3 Bh4 16. Qf4 Qf6 17. c4 Qxf4 18. Bxf4 dxc4 19. Bxc4+ Be6 20. Be2 Nbd7 21. b4 Bf6 22. 0-0-0 a5 0-1